000 00658nam a2200217 4500
003 OSt
005 20240627034256.0
006 a
008 240627b |||||||| |||| 00| 0 eng d
020 _a9780194422109
040 _aDWCL-Main lib.
_cOC
082 _aCirc. 400 W734d 2007
100 _aWillis, Dave
245 _aDoing task-based teaching /
260 _aOxford :
_bOxford University Press,
_cc2007.
300 _axv,
_b278 p. : ill. ;
_c25 cm.
504 _aIncludes bibliographical references & index.
650 _a1. Language and languages-Study and teaching.
650 _a2. Task analysis in education.
942 _2ddc
_n0
_cBK-CIRC
_kCirc.
999 _c1475
_d1475